00268nam a2200109Ia 4500008004100000020001200041040001500053041001200068082001500080245005300095300001000148230917s9999||||xx |||||||||||||| ||und|| cPOU4.75 e8982aMAIN aEnglish a327.47 I7E 0aEuropean security and the Soviet problem summary a64 p.